[Event "Mediterranean op 6th"]
[Site "Rijeka"]
[Date "2013.12.02"]
[Round "4"]
[White "Peranic, Marijo"]
[Black "Baljak, Jadranko"]
[Result "0-1"]
[WhiteElo "1602"]
[BlackElo "1912"]
[PlyCount "59"]
[EventDate "2013.11.30"]
[EventType "swiss"]
[EventRounds "9"]
[EventCountry "CRO"]
[SourceTitle "CBM 157 Extra"]
[Source "ChessBase"]
[SourceDate "2013.12.19"]
[SourceVersion "1"]
[SourceVersionDate "2013.12.19"]
[SourceQuality "1"]

1. e4 c5 2. Nf3 d6 3. Bb5+ Bd7 4. Bxd7+ Nxd7 5. b3 Ngf6 6. Qe2 g6 7. Bb2 Bg7 8. Nc3 0-0 9. 0-0 a6 10. a4 Re8 11. Ng5 h6 12. Nh3 Rc8 13. a5 Qc7 14. d3 e6 15. f4 Nb8 16. Qd2 Nc6 17. Ne2 Ng4 18. Bxg7 Kxg7 19. Rf3 Nd4 20. Rg3 Nxe2+ 21. Qxe2 f5 22. Nf2 Nxf2 23. Qxf2 d5 24. e5 c4 25. bxc4 dxc4 26. d4 Red8 27. c3 Rd5 28. Qa2 Rb5 29. Rb1 Rxa5 30. Rxb7 0-1

[Event "Kastav ZNG111 op 15th"]
[Site "Kastav"]
[Date "2012.09.07"]
[Round "1.5"]
[White "Tica, Sven"]
[Black "Peranic, Marijo"]
[Result "1-0"]
[WhiteElo "1904"]
[BlackElo "1602"]
[PlyCount "75"]
[EventDate "2012.09.07"]
[EventType "swiss"]
[EventRounds "7"]
[EventCountry "CRO"]
[SourceTitle "EXT 2023"]
[Source "ChessBase"]
[SourceDate "2022.10.05"]
[SourceVersion "1"]
[SourceVersionDate "2022.10.05"]
[SourceQuality "1"]

1. Nf3 Nf6 2. d4 d5 3. c4 c6 4. Nc3 e6 5. e3 Be7 6. Bd3 Nbd7 7. 0-0 Qc7 8. e4 dxc4 9. Bxc4 Nb6 10. Bd3 h6 11. Bc2 Bd7 12. Ne2 g5 13. Ne5 Bd6 14. f4 gxf4 15. Bxf4 Nh5 16. Nxf7 Bxf4 17. Nxf4 Nxf4 18. Nxh8 0-0-0 19. Qd2 Nxg2 20. Qxg2 Rxh8 21. Rf7 Qd8 22. Rg7 Nc4 23. Bb3 Ne3 24. Qf2 Rg8 25. Rxg8 Qxg8+ 26. Qg3 Qg5 27. Qxg5 hxg5 28. h3 e5 29. dxe5 Bxh3 30. Kf2 Ng2 31. Rg1 Nf4 32. Rxg5 Bd7 33. Ke3 Ne6 34. Rg8+ Kc7 35. Rg6 Nc5 36. Bf7 Kd8 37. e6 Bc8 38. Rg8+ 1-0

[Event "Kraljevica ZNG111 op 14th"]
[Site "Kraljevica"]
[Date "2012.02.19"]
[Round "3"]
[White "Peranic, Marijo"]
[Black "Jurotic, Nino"]
[Result "0-1"]
[WhiteElo "1614"]
[BlackElo "1722"]
[PlyCount "38"]
[EventDate "2012.02.18"]
[EventType "swiss"]
[EventRounds "7"]
[EventCountry "CRO"]
[SourceTitle "CBM 147 Extra"]
[Source "ChessBase"]
[SourceDate "2012.04.24"]
[SourceVersion "1"]
[SourceVersionDate "2012.04.24"]
[SourceQuality "1"]

1. d4 d5 2. c4 e6 3. Nf3 Nf6 4. Nc3 Be7 5. h3 b6 6. a3 Bb7 7. e3 Nbd7 8. Be2 0-0 9. b4 c5 10. b5 dxc4 11. Bxc4 cxd4 12. exd4 Rc8 13. Qe2 Bxf3 14. gxf3 Qc7 15. Bd2 Qxc4 16. Qe3 Nd5 17. Nxd5 exd5 18. Rc1 Bg5 19. f4 Bxf4 0-1

[Event "Rijeka Paris Memorial op"]
[Site "Rijeka"]
[Date "2011.10.18"]
[Round "2"]
[White "Tica, Sven"]
[Black "Peranic, Marijo"]
[Result "1-0"]
[WhiteElo "1725"]
[BlackElo "1562"]
[PlyCount "21"]
[EventDate "2011.10.17"]
[EventType "swiss"]
[EventRounds "9"]
[EventCountry "CRO"]
[SourceTitle "EXT 2013"]
[Source "ChessBase"]
[SourceDate "2012.11.22"]
[SourceVersion "1"]
[SourceVersionDate "2012.11.22"]
[SourceQuality "1"]

1. Nf3 Nf6 2. c4 e6 3. Nc3 Bb4 4. Qb3 Bxc3 5. Qxc3 d5 6. d3 c6 7. Bg5 Nbd7 8. g3 h6 9. Bf4 Qe7 10. Ne5 g5 11. Nxd7 1-0

[Event "CRO-chT3 West"]
[Site "Croatia"]
[Date "2011.03.12"]
[Round "1.14"]
[White "Peranic, Marijo"]
[Black "Crnkovic, Zdravko"]
[Result "1-0"]
[WhiteElo "1577"]
[BlackElo "2040"]
[PlyCount "104"]
[EventDate "2011.03.12"]
[EventType "team-tourn"]
[EventRounds "9"]
[EventCountry "CRO"]
[SourceTitle "EXT 2014"]
[Source "ChessBase"]
[SourceDate "2013.11.20"]
[SourceVersion "1"]
[SourceVersionDate "2013.11.20"]
[SourceQuality "1"]

1. d4 f5 2. c4 e6 3. Nc3 Nf6 4. Nf3 d6 5. b3 Be7 6. Bb2 0-0 7. e3 c6 8. Bd3 Na6 9. a3 Qc7 10. Qc2 d5 11. c5 Nb8 12. b4 Bd7 13. 0-0 Be8 14. h3 Ne4 15. Bxe4 fxe4 16. Nh2 Bg6 17. Ne2 Bg5 18. Qd2 Nd7 19. f4 Bh4 20. Ng4 Bh5 21. Ne5 Rf6 22. g4 Be8 23. Kh2 h5 24. g5 Rf5 25. Ng3 Bxg3+ 26. Kxg3 Nxe5 27. dxe5 Bg6 28. Qe2 Qf7 29. h4 Qe8 30. Bd4 Rf8 31. a4 Bf5 32. Ra2 Qg6 33. Qh2 Bg4 34. Raf2 Qf5 35. a5 Rfb8 36. Rc2 b6 37. cxb6 axb6 38. Bxb6 Rxb6 39. axb6 Bd1 40. Rd2 Qg4+ 41. Kf2 Qf3+ 42. Kg1 Qxe3+ 43. Qf2 Qxf2+ 44. Kxf2 Bb3 45. Rc1 Ra4 46. Rxc6 Rxb4 47. g6 Kf8 48. Ke3 Ba4 49. Rxe6 Rb3+ 50. Kd4 Bd7 51. Rd6 Ke7 52. Ra2 e3 1-0